| 000 | 00545nam a2200181Ia 4500 | ||
|---|---|---|---|
| 008 | 151018s9999 xx 000 0 und d | ||
| 082 |
_bRBASDV6607 _a891.463 |
||
| 100 | _aऊ ज शेळके | ||
| 245 | _aपिकनिक स्पॉट | ||
| 250 | _b1 | ||
| 260 |
_bरम्यकथा प्रकाशन _c1969 |
||
| 300 | _a80 | ||
| 600 | _aऊ ज शेळके | ||
| 630 | _aपिकनिक स्पॉट | ||
| 700 | _aऊ ज शेळके | ||
| 730 | _aपिकनिक स्पॉट | ||
| 942 | _cBOOK | ||
| 999 |
_c1008981 _d1008978 |
||